| Tag |
First Indicator |
Second Indicator |
Subfields |
| LEADER |
00000cam a2200000 a 4500 |
| 001 |
in00004605813 |
| 006 |
m o d |
| 007 |
cr unu|||||||| |
| 008 |
120905s2012 miua ob s001 0 eng d |
| 005 |
20221129150630.8 |
| 010 |
|
|
|a 2012033642
|
| 020 |
|
|
|z 9780472071869
|q (cloth : acid-free paper)
|
| 020 |
|
|
|z 9780472051861
|q (pbk. : acid-free paper)
|
| 020 |
|
|
|a 9780472028764
|q (e-book)
|
| 024 |
7 |
|
|a 10.3998/mpub.2333731
|2 doi
|
| 035 |
|
|
|a (MiU)10.3998/mpub.2333731
|
| 040 |
|
|
|a MiU
|b eng
|c MiU
|
| 050 |
0 |
0 |
|a PR878.R4
|b B94 2012
|
| 082 |
0 |
0 |
|a 823/.80912
|2 23
|
| 100 |
1 |
|
|a Byerly, Alison.
|
| 245 |
1 |
0 |
|a Are we there yet? :
|b virtual travel and Victorian realism /
|c Alison Byerly.
|
| 264 |
|
1 |
|a Ann Arbor :
|b University of Michigan Press,
|c c2012.
|
| 300 |
|
|
|a 1 online resource
|
| 336 |
|
|
|a text
|b txt
|2 rdacontent
|
| 337 |
|
|
|a computer
|b c
|2 rdamedia
|
| 338 |
|
|
|a online resource
|b cr
|2 rdacarrier
|
| 504 |
|
|
|a Includes bibliographical references and index.
|
| 588 |
|
|
|a Description based on information from the publisher.
|
| 650 |
|
0 |
|a English fiction
|y 19th century
|x History and criticism.
|
| 650 |
|
0 |
|a Realism in literature.
|
| 650 |
|
0 |
|a Travel in literature.
|
| 655 |
|
7 |
|a Electronic books.
|2 local
|
| 710 |
2 |
|
|a Michigan Publishing (University of Michigan)
|e publisher.
|
| 856 |
4 |
0 |
|u http://proxy.library.tamu.edu/login?url=https://doi.org/10.3998/mpub.2333731
|z Connect to the full text of this electronic book
|t 0
|
| 955 |
|
|
|a University of Michigan Press ebooks
|
| 999 |
f |
f |
|s fab41390-ff90-4a9d-ab1e-9120f6835a32
|i 67d9b82a-5385-43ae-ac1f-487d899cc2d8
|t 0
|
| 952 |
f |
f |
|a Texas A&M University
|b College Station
|c Electronic Resources
|d Available Online
|t 0
|e PR878.R4 B94 2012
|h Library of Congress classification
|
| 998 |
f |
f |
|a PR878.R4 B94 2012
|t 0
|l Available Online
|